000 01066cam a2200349 a 4500
001 39118
005 20230411085955.0
008 000216s1998 quca 000 0 fre
035 _a(OCoLC)ocm43790823
040 _aNLC
_bfre
_cNLC
016 _a000061263
020 _a298013029X
020 _a9782980130298
029 0 _aNLC
_b000061263
035 _a(OCoLC)43790823
055 0 0 _aHT 1581
_bD711b 1998
082 0 0 _a305.8/036
049 _aGRAL
100 1 _aDorléans Jean-Baptiste, Weber Tiecoura,
_d1962-
245 1 3 _aLe blancisme devant le tribunal de la negro divinite, ou, Pour comprendre, France est son nom /
_cWeber Tiecoura D'Orleans Jean Baptiste.
246 3 0 _aPour comprendre, France est son nom
260 _a[Montreal] :
_bEditions Lekba/Ogu/Fweda,
_c[1998?]
300 _a217 p. :
_bill. ;
_c23 cm
650 0 _aBlack race.
650 0 _aRace relations.
650 4 _aRaza negra.
650 4 _aRelaciones raciales.
650 4 _aCEH
650 4 _aColección Estudios Haitianos
942 _2lcc
_cbk
994 _aC0
_bDRFGD
999 _c110289
_d110289